| 000 | 01422nam a2200277Ia 4500 | ||
|---|---|---|---|
| 999 |
_c40245 _d40245 |
||
| 001 | 6853 | ||
| 003 | GE_BSU | ||
| 005 | 20211209120105.0 | ||
| 008 | 181216s2012ge xx |||||||||||||| ||geo|| | ||
| 020 | _a9789941048050. | ||
| 040 | _cGE_BSU | ||
| 041 | _ageo | ||
| 080 | _a808.5+316.77+395 ს-53 | ||
| 100 |
_aსირაბიძე,ნათია. _913226 |
||
| 245 |
_aწარმატების გასაღები : _bსაჯარო გამოსვლის პრაქტ.სახელმძღვ. / _c ნათია სირაბიძე ; რედ. მანანა სურგულაძე; ილ.ნინა მასალკინა. |
||
| 264 |
_aბათუმი, _c2012. |
||
| 300 |
_a392 გვ.: _bილ ; _c20 სმ. |
||
| 501 | _aგლოსარიუმი:გვ.383-389. სახელთა საძიებელი გვ.390-391. | ||
| 504 | _aბიბლიოგრ:გვ.377-382 | ||
| 653 | _aორატორული ხელოვნება ეტიკეტი | ||
| 653 | _aკომუნიკაცია | ||
| 653 | _a საჯარო გამოსვლების ხელოვნება | ||
| 700 |
_aსურგულაძე, მანანა _eრედაქტორი _913227 |
||
| 700 |
_aმასალკინა, ნინა _eილუსტრატორი _913228 |
||
| 942 |
_cBK _2udc |
||